Statistics for Famous Monarchs by Country #2

Click here to take the quiz!

General Stats

  • This quiz has been taken 22 times
  • The average score is 10 of 15

Answer Stats

MonarchReignCountry% Correct
Louis XV1715-1774France
100%
Catherine the Great1762-1796Russia
95%
Napoleon III1852-1870France
95%
Nicholas II1894-1917Russia
85%
Felipe VI2014-Spain
85%
Frederick the Great1740-1786Prussia
80%
Suleiman the Magnificent1520-1566Ottoman Empire
80%
William the Conquerer1066-1086England
80%
George III1760-1820United Kingdom
75%
Emmanuel III1900-1946Italy
50%
Maria I1777-1816Portugal
45%
Isabella I1474-1504Castile
45%
Simeon the Great893-927Bulgaria
45%
Basil II976-1025Byzantine Empire
20%
Stanislaw II1764-1795Polish-Lithuanian Commonwealth
15%

Score Distribution

Percentile by Number Answered

Percent of People with Each Score

Your Score History

You have not taken this quiz